Φυτική παραγωγή : έκθεση
Αποθηκεύτηκε σε:
| Συγγραφή απο Οργανισμό/Αρχή: | |
|---|---|
| Μορφή: | Βιβλίο |
| Γλώσσα: | Greek |
| Δημοσίευση: |
Αθήνα :
ΚΕΠΕ,
1976
|
| Σειρά: | Πρόγραμμα αναπτύξεως 1976-1980 ;
; 19 |
| Θέματα: | |
| Ετικέτες: |
Προσθήκη ετικέτας
Δεν υπάρχουν, Καταχωρήστε ετικέτα πρώτοι!
|
MARC
| LEADER | 00000nam a2200000 i 4500 | ||
|---|---|---|---|
| 001 | 1/52924 | ||
| 008 | 960429s1976 gre d | ||
| 035 | |l 10027431 | ||
| 040 | |a GR-MY-UA |b gre |e aacr | ||
| 041 | 0 | |a gre | |
| 082 | 0 | |a 338.109495 | |
| 110 | 2 | |a Κέντρο Προγραμματισμού και Οικονομικών Ερευνών. | |
| 245 | 1 | 0 | |a Φυτική παραγωγή : |b έκθεση |
| 260 | |a Αθήνα : |b ΚΕΠΕ, |c 1976 | ||
| 300 | |a 238 σ. | ||
| 490 | 1 | |a Πρόγραμμα αναπτύξεως 1976-80 |v ; 19 | |
| 650 | 0 | 0 | |a Agriculture |x Economic aspects |z Greece. |
| 830 | 0 | |a Πρόγραμμα αναπτύξεως 1976-1980 ; |v ; 19 | |
| 852 | |a INST |b CHIOS |e 19960429 |h 338.109495 ΦΥΤ |p 005200005608 |q 005200005608 |t BK |y 0 | ||
| 909 | |a Χ |b 000178 | ||